000 00319nam a2200109Ia 4500
008 200302s9999 xx 000 0 und d
100 _aShuzo Murakami & Other
245 _aRoom Air Convection and Ventilation Effectiveness
260 _bAmerican Society of Heating Refrigerating Inc.
260 _c1993
300 _a592 P.,
999 _c2094
_d2094